Istanbul : (Record no. 984)

000 -LEADER
fixed length control field 01180nam a22003377a 4500
001 - CONTROL NUMBER
control field 2623458
003 - CONTROL NUMBER IDENTIFIER
control field OSt
005 - DATE AND TIME OF LATEST TRANSACTION
control field 20210419081801.0
008 - FIXED-LENGTH DATA ELEMENTS--GENERAL INFORMATION
fixed length control field 980630r19981996enkab 000 0 eng
010 ## - LIBRARY OF CONGRESS CONTROL NUMBER
LC control number 98165481
020 ## - INTERNATIONAL STANDARD BOOK NUMBER
International Standard Book Number 0140244611
040 ## - CATALOGING SOURCE
Original cataloging agency DLC
Transcribing agency DLC
Modifying agency DLC
043 ## - GEOGRAPHIC AREA CODE
Geographic area code a-tu---
050 00 - LIBRARY OF CONGRESS CALL NUMBER
Classification number DR728
Item number .F74 1998
080 ## - UNIVERSAL DECIMAL CLASSIFICATION NUMBER
Universal Decimal Classification number 94
Item number F-88
082 00 - DEWEY DECIMAL CLASSIFICATION NUMBER
Classification number 949.61/8
Edition number 21
100 1# - MAIN ENTRY--PERSONAL NAME
Personal name Freely, John.
245 10 - TITLE STATEMENT
Title Istanbul :
Remainder of title the imperial city /
Statement of responsibility, etc. John Freely.
260 ## - PUBLICATION, DISTRIBUTION, ETC.
Place of publication, distribution, etc. London ;
-- New York :
Name of publisher, distributor, etc. Penguin Books,
Date of publication, distribution, etc. 1998.
300 ## - PHYSICAL DESCRIPTION
Extent xvii, 414 p. :
Other physical details ill. (some col.), maps ;
Dimensions 20 cm.
365 ## - TRADE PRICE
Price note 14.95 USD
500 ## - GENERAL NOTE
General note "First published by Viking 1996."--T.p. verso.
650 #0 - SUBJECT ADDED ENTRY--TOPICAL TERM
9 (RLIN) 252
Topical term or geographic name entry element History
651 #0 - SUBJECT ADDED ENTRY--GEOGRAPHIC NAME
Geographic name Istanbul (Turkey)
General subdivision History.
653 ## - INDEX TERM--UNCONTROLLED
Uncontrolled term ისტორია
856 42 - ELECTRONIC LOCATION AND ACCESS
Materials specified Publisher description
Uniform Resource Identifier <a href="http://www.loc.gov/catdir/enhancements/fy1207/98165481-d.html">http://www.loc.gov/catdir/enhancements/fy1207/98165481-d.html</a>
856 42 - ELECTRONIC LOCATION AND ACCESS
Materials specified Contributor biographical information
Uniform Resource Identifier <a href="http://www.loc.gov/catdir/enhancements/fy1505/98165481-b.html">http://www.loc.gov/catdir/enhancements/fy1505/98165481-b.html</a>
906 ## - LOCAL DATA ELEMENT F, LDF (RLIN)
a 7
b cbc
c orignew
d 2
e ncip
f 19
g y-gencatlg
942 ## - ADDED ENTRY ELEMENTS (KOHA)
Source of classification or shelving scheme
Koha item type Digital Files
Holdings
Withdrawn status Lost status Source of classification or shelving scheme Damaged status Not for loan Permanent location Current location Date acquired Inventory number Total Checkouts Full call number Barcode Date last seen Price effective from Koha item type
          Ken Walker International University Ken Walker International University 01/27/2021 2501   94 F-88 2501 01/27/2021 01/27/2021 Digital Files
          Ken Walker International University Ken Walker International University 03/02/2021 629   94 F-88 629 03/02/2021 03/02/2021 Digital Files

Powered by Koha